Kluby Bundesliga - 2023/24 - Statystyki

Ogólne statystyki
  • Ten quiz został rozwiązany 130 razy
  • Średni wynik to 11 z 18
Statystyki odpowiedzi
L.p Klub % Poprawnych
1 Bayern Monachium
96%
2 Borussia Dortmund
94%
6 Bayer Leverkusen
90%
3 RB Lipsk
77%
4 Union Berlin
73%
16 VFB Stuttgart
66%
8 VFL Wolfsburg
66%
13 Werder Brema
65%
11 FC Koln
61%
7 Eintracht Frankfurt
59%
5 SC Freiburg
59%
10 Borussia Monchengladbach
52%
15 FC Augsburg
50%
9 FSV Mainz
50%
12 TSG Hoffenheim
49%
14 Bochum
48%
17 Heidenheim
35%
18 Darmstadt
25%
Nie znaleziono quizów pasujących do podanych kryteriów
Rozkład punktacji
Procent ludzi z każdym wynikiem
Percentyl według liczby udzielonych odpowiedzi
Twoja historia wyników
Nie rozwiązałeś tego quizu